Statistiques concernant Massive Pictures Quiz #1 (TV. Présentateur)

Cliquez ici pour prendre le quiz!

Statistiques générales

  • Ce quiz a été pris 163 fois
  • Le résultat moyen est 33 sur 50

Statistiques - réponses

Réponse% Correct
Cyril Hanouna
95%
Nagui
95%
Nikos Aliagas
94%
Laurence Boccolini
91%
Jean Luc Reichmann
89%
Julien Lepers
88%
Jean Pierre Foucault
87%
Stéphane Bern
87%
Claire Chazal
83%
Jean Pierre Pernaut
83%
Valérie Damidot
83%
Michel Drucker
81%
Denis Brogniart
80%
Karine Ferri
80%
Laurent Delahousse
80%
Laurent Ruquier
77%
Stéphane Plaza
77%
Christophe Dechavanne
76%
Karine Le Marchand
76%
Olivier Minne
76%
Patrick Sébastien
76%
Samuel Etienne
76%
Sébastien Cauet
76%
Cyril Féraud
75%
Yann Barthès
73%
Christophe Beaugrand
72%
Harry Roselmack
72%
Thierry Ardisson
71%
David Pujadas
70%
Laurent Mariotte
68%
Michel Cymes
67%
Julien Courbet
65%
Léa Salamé
65%
Laurence Ferrari
64%
Catherine Laborde
62%
Anne Sophie Lapix
61%
Alessandra Sublet
59%
Gilles Bouleau
58%
Alex Goude
50%
Marie Drucker
45%
Bertrand Chameroy
44%
Bernard Montiel
43%
Gerard Holtz
41%
Laurent Luyat
41%
William Leymergie
35%
Bernard de la Villardière
32%
Elsa Fayer
31%
Thomas Hugues
26%
Denise Fabre
21%
Bruno Masure
20%

Distribution des résultats

Percentile par nombre de réponses

% des personnes avec chaque résultat

Votre développement - résultats

Vous n’avez pas pris ce quiz